[Event "Satka Autumn op (Women)"]
[Site "Satka"]
[Date "2020.10.29"]
[Round "9"]
[White "Nikulina, Anastasiya"]
[Black "Vanishvili, Mari"]
[Result "1-0"]
[WhiteElo "1604"]
[BlackElo "1878"]
[PlyCount "71"]
[EventDate "2020.10.21"]
[EventType "swiss"]
[EventRounds "9"]
[EventCountry "RUS"]
[SourceTitle "CBM 199 Extra"]
[Source "ChessBase"]
[SourceDate "2021.01.31"]
[SourceVersion "1"]
[SourceVersionDate "2021.01.31"]
[SourceQuality "1"]

1. e4 e5 2. Nf3 d6 3. d4 exd4 4. Nxd4 Nf6 5. Nc3 Be7 6. Bf4 0-0 7. Qd2 a6 8. 0-0-0 b5 9. Rg1 Re8 10. Nf5 Bf8 11. f3 Bxf5 12. exf5 Nbd7 13. g4 b4 14. Nd5 c6 15. Nxf6+ Nxf6 16. Bxd6 Qa5 17. Bxf8 Qxa2 18. Qxb4 Rxf8 19. Bc4 c5 20. Bxa2 cxb4 21. g5 Nh5 22. g6 a5 23. Rd4 Nf6 24. h4 Rab8 25. Rd6 Rfc8 26. Bxf7+ Kf8 27. Bb3 hxg6 28. fxg6 Rc7 29. Ra6 Ke7 30. Rxa5 Rh8 31. Re1+ Kd6 32. Re6+ Kd7 33. Rxf6 Rxc2+ 34. Kxc2 Rc8+ 35. Kd3 gxf6 36. g7 1-0

[Event "Satka Autumn op (Women)"]
[Site "Satka"]
[Date "2020.10.21"]
[Round "1"]
[White "Khokhlova, Daria"]
[Black "Nikulina, Anastasiya"]
[Result "1-0"]
[WhiteElo "2168"]
[BlackElo "1604"]
[PlyCount "55"]
[EventDate "2020.10.21"]
[EventType "swiss"]
[EventRounds "9"]
[EventCountry "RUS"]
[SourceTitle "CBM 199 Extra"]
[Source "ChessBase"]
[SourceDate "2021.01.31"]
[SourceVersion "1"]
[SourceVersionDate "2021.01.31"]
[SourceQuality "1"]

1. d4 Nf6 2. c4 g6 3. Nc3 Bg7 4. e4 d6 5. Be2 0-0 6. f4 Nbd7 7. Nf3 c6 8. e5 Ne8 9. 0-0 c5 10. Be3 b6 11. Ng5 cxd4 12. e6 Nc5 13. exf7+ Rxf7 14. Nxf7 Kxf7 15. Bxd4 Nf6 16. Bf3 Rb8 17. Nd5 Bf5 18. Nxf6 Bxf6 19. Bxf6 exf6 20. Bd5+ Kg7 21. b4 Nb7 22. Re1 b5 23. cxb5 Qb6+ 24. Kh1 Qxb5 25. Bxb7 Rxb7 26. Qxd6 Qxb4 27. Re7+ Kf8 28. Qd8# 1-0

[Event "Satka Autumn op (Women)"]
[Site "Satka"]
[Date "2019.09.21"]
[Round "3"]
[White "Filippova, Darya"]
[Black "Nikulina, Anastasiya"]
[Result "1/2-1/2"]
[WhiteElo "2110"]
[BlackElo "1540"]
[PlyCount "84"]
[EventDate "2019.09.19"]
[EventType "swiss"]
[EventRounds "9"]
[EventCountry "RUS"]
[SourceTitle "EXT 2020"]
[Source "ChessBase"]
[SourceDate "2019.10.17"]
[SourceVersion "1"]
[SourceVersionDate "2019.10.17"]
[SourceQuality "1"]

1. d4 Nf6 2. c4 b6 3. f3 g6 4. e4 d6 5. Be3 Bg7 6. Qd2 Nbd7 7. Nc3 e5 8. d5 a5 9. Bh6 0-0 10. Bxg7 Kxg7 11. g4 Nc5 12. Nge2 Qe7 13. Ng3 h6 14. g5 hxg5 15. Qxg5 Nxd5 16. Qd2 Nxc3 17. bxc3 Qf6 18. Qg2 Qh4 19. 0-0-0 Kg8 20. Rd2 Be6 21. Rg1 Na4 22. Kc2 Qf4 23. Bd3 Nc5 24. Nf5 Rfe8 25. Qh3 Nxd3 26. Rdg2 Bxf5 27. exf5 Kf8 28. fxg6 Nb4+ 29. Kb3 b5 30. cxb5 a4+ 31. Kb2 a3+ 32. Kb1 Qc4 33. g7+ Ke7 34. cxb4 Qxb4+ 35. Kc1 Qc3+ 36. Kd1 Qd4+ 37. Ke2 Qb2+ 38. Kf1 Qc1+ 39. Kf2 Qd2+ 40. Kf1 Qd1+ 41. Kf2 Qd2+ 42. Kf1 Qd1+ 1/2-1/2